| 000 | 00725nam a2200241 a 4500 | ||
|---|---|---|---|
| 999 |
_c913 _d913 |
||
| 008 | 191107s2012 xxua|||g |||| 001 0 eng d | ||
| 020 |
_a9781420067705 _cRs. 795.00 |
||
| 040 |
_aKO _beng |
||
| 041 | 0 | _aeng | |
| 044 | _aii | ||
| 082 | 0 | 4 |
_223 _a620.11223 _bSch974 |
| 100 | 1 | _aSchwitzer, Philip A. | |
| 245 | 1 | 0 |
_aFundamentals of Corrosion : _bMechanisms, Causes and Preventive Methods / _cPhilip A. Schwitzer |
| 250 | _aIndian ed. | ||
| 260 |
_aBoca Raton : _bCRC Press Taylor & Francis Group, _c2012 |
||
| 300 |
_axxiii, 403 p. : _bill. ; _c23 cm. |
||
| 504 | _aIncludes index. | ||
| 650 | 0 | _aBuilding materials -- Corrosion | |
| 650 | 0 | _aCorrosion and anti-corrosives | |
| 904 | _aS_JOY | ||
| 942 | _cBK | ||